000 00617nam a2200157 a 4500
001 000034215
005 20200930070856.0
008 110928s1943 dr 000 0 spa d
040 _aDO-SdBNP
_bspa
_cBNPHU
100 1 _aStalin, Joseph,
_d1879-1953.
_932407
245 1 0 _aSobre el proyecto de la Constitución de la Unión de repúblicas socialistas soviéticas /
_cI. Stalin.
260 _aCiudad Trujillo, República Dominicana :
_b[s.n.],
_c1943.
300 _a75 p. ;
_c24 cm.
500 _aInforme presentado al VIII Congreso extraordinario de los soviets de la U.R.S.S. el 25 de noviembre de 1936
049 _aBNPD
999 _c33706
_d33706